Indian Economy/ (Record no. 204016)

MARC details
000 -LEADER
fixed length control field 00758nam a22001937a 4500
005 - DATE AND TIME OF LATEST TRANSACTION
control field 20240710122637.0
008 - FIXED-LENGTH DATA ELEMENTS--GENERAL INFORMATION
fixed length control field 090826t xxu||||| |||| 00| 0 eng d
010 ## - LCCN (DPL NO)
LC control number ENG-140811
020 ## - INTERNATIONAL STANDARD BOOK NUMBER
International Standard Book Number 9789354497889
Terms of availability 610.00
035 ## - SYSTEM CONTROL NUMBER
System control number EN-124343
037 ## - SOURCE OF ACQUISITION
Source of stock number/acquisition DBAD
082 ## - DEWEY DECIMAL CLASSIFICATION NUMBER
Classification number 330.954
Edition number 2nd
100 ## - MAIN ENTRY--PERSONAL NAME
9 (RLIN) 63720
Personal name Mahajan, M. Madhur
245 ## - TITLE STATEMENT
Title Indian Economy/
Remainder of title By Madhur M. Mahajan,
260 ## - PUBLICATION, DISTRIBUTION, ETC. (IMPRINT)
Name of publisher, distributor, etc by Person India Education Services Pvt. Ltd,CIN: U72200TN2005PTC057128.
Place of publication, distribution, etc Uttar Pradesh
Date of publication, distribution, etc 2022
270 ## - ADDRESS
Address 15th Floor,Tower-B,World Trade Tower,PlotNo.1,Block-C,Sector16,Noida201 301,
City Uttar Pradesh
Postal code 201 302
Telephone number 044-66540100
300 ## - PHYSICAL DESCRIPTION
Extent 695pg:
Dimensions 25cm(pb)
942 ## - ADDED ENTRY ELEMENTS (KOHA)
Source of classification or shelving scheme Dewey Decimal Classification
Item type English Books
Classification part 330.954
Edition 2nd
Call number suffix MAH
Holdings
Withdrawn status Lost status Source of classification or shelving scheme Damaged status Not for loan Collection code Home library Current library Date acquired Source of acquisition Cost, normal purchase price Total Checkouts Full call number Barcode Date last seen Copy number Cost, replacement price Koha item type
    Dewey Decimal Classification     Non-fiction New Police Line New Police Line 08/07/2024 DBAD 610.00   330.954 MAH EN-124343 08/07/2024 1 610.00 English Books

© Delhi Public Library
Hit Counter
free hit counter